00870nam a2200241Ia 450000500170000000800410001702000180005804100080007608200150008410000270009924500300012625000110015626000390016730000110020650000290021765000360024670000270028290600060030994200070031599900170032295201590033995201300049820251120162001.0230125s9999 xx 000 0 und d a81-7505-323-2 aeng a158.1bAMA aAmartyananda S9214912 aEffective Life Management a2nd ed c2009bAdvaita ashrama pubaKolkata a158.1p aPersonality Development, aPersonality Development9213420 aAmartyananda S9214912 b8 cDB c85894d85894 00104070aHIMRbHIMRd2010-02-17eRamakrishna Mathg40.00iCRB251l0o158.1 AMA B08407pHIMR-BK-8407r2023-01-25 00:00:00v32.00w2010-02-26yBKzB08407 00104070aHIMRbHIMRd2012-12-17eSatya Gilanio158.1 AMA DB1800pHIMR-DB-1800r2023-01-25 00:00:00w2012-12-17yDBzDB1800